000 00963nam a2200253 a 4500
005 20240919064423.0
008 991125a19751989mx 000 0 spa u
020 _a9682300843
035 _aUPN01000006636
049 _aCG
050 4 _aHB501
_bM3.38
100 1 _aMarx, Karl,
_d1818-1883
245 1 3 _aEl capital :
_bcrítica de la economía política /
_cKarl Marx ; tr. Pedro Scaron.
260 _aMéxico :
_bSiglo XXI,
_c1975.
300 _a3 t. en 8 v.
440 0 _aBiblioteca del pensamiento socialista.
_pLos clásicos
505 8 _aContenido:
_gt.1, v.1-3
_tEl proceso de producción de capital --
_gt.2, v.4-5
_tEl proceso de circulación del capital --
_gt.3, v.6-8
_tEl proceso global de la producción capitalista
590 _aBibliografía Básica (BGTQ)
590 _a(También localizas un ejemplar en el "Area de Reserva")
650 4 _aCapital
_96307
650 4 _aCapitalismo
_96436
650 2 _aEconomía marxista
_98188
905 _aLibro
999 _c6636
_d6636